[Event "Individual Zaragoza Primera 2015"]
[Site ""]
[Date "2015.10.25"]
[Round "4.8"]
[White "Rubio Tello Abel"]
[Black "Manguez Tomás Andrés"]
[Result "1-0"]
[WhiteElo "1864"]
[BlackElo "1744"]

1.d4 f5 2.g3 Nf6 3.Bg2 d5 4.c4 e6 5.Nc3 c6 6.Nf3 Bd6 7.O-O O-O 8.Rb1 Nbd7 9.
Bf4 Bxf4 10.gxf4 Qe8 11.Ne5 Qh5 12.e3 Qh4 13.Qf3 Nxe5 14.fxe5 Ng4 15.h3 Nh6
16.cxd5 exd5 17.Qg3 Qe7 18.f4 Kh8 19.Qg5 Qe8 20.Rf3 Nf7 21.Qh4 Rg8 22.Rg3 Be6
23.Kh1 a5 24.Rg1 Qf8 25.Na4 Qb4 26.Nc5 Rae8 27.Bf3 b6 28.Rxg7 Rxg7 29.Qf6 Ng5
30.Rxg5 Re7 31.Nxe6 Rf7 32.Qd8+ 1-0

[Event "Individual Zaragoza Primera 2015"]
[Site ""]
[Date "2015.10.25"]
[Round "4.9"]
[White "Merin Flores Miguel Angel"]
[Black "Landa Garriga Francisco Javier"]
[Result "0-1"]
[WhiteElo "1732"]
[BlackElo "1838"]

1.d4 d5 2.c4 e5 3.cxd5 Qxd5 4.Nc3 Bb4 5.Qa4+ Nc6 6.Bd2 Bxc3 7.bxc3 exd4 8.Nf3
d3 9.e4 Qd7 10.Qc4 Nge7 11.Qxd3 Qxd3 12.Bxd3 Bg4 13.Nd4 O-O-O 14.Be3 Rhe8 15.
f3 Bh5 16.Kf2 f6 17.a4 Bf7 18.a5 Ne5 19.Bb5 c6 20.Be2 Bc4 21.a6 b6 22.Bxc4
Nxc4 23.Bf4 g5 24.Bc1 Ng6 25.Nxc6 Rd7 26.Nd4 Rc7 27.Ra4 Nge5 28.Rd1 Na5 29.Nb5
Rd7 30.Rxd7 Kxd7 31.Rd4+ Kc6 32.Nxa7+ Kc7 33.Ba3 Nec4 34.Bb4 Ra8 35.Nb5+ Kc6
36.Nd6 Ne5 37.Nf5 Nac4 38.Ne7+ Kb5 39.Nd5 Ra7 40.Nxf6 Rxa6 41.Rd5+ Kc6 42.Nxh7
g4 43.f4 Nf7 44.Nf6 Ra2+ 45.Kg3 Ne3 46.f5 Rxg2+ 47.Kf4 Nxd5+ 48.exd5+ Kc7 49.
Nxg4 Rg1 50.Ne3 Kd7 51.f6 Rh1 52.Ng4 Rf1+ 53.Kg3 Rg1+ 54.Kf3 Rf1+ 55.Nf2 Ne5+
56.Kg2 Rb1 57.h4 Rb2 58.Kg3 Ke8 59.Ne4 Nf7 60.h5 Rb1 61.Kg4 Rd1 62.d6 Rd5 63.
Ng3 Nh6+ 64.Kh4 Kf7 65.d7 Kxf6 66.Bf8 Nf7 67.Ne4+ Kf5 68.h6 Rxd7 69.h7 Kxe4
70.Bg7 Rd8 71.Kh5 Kf5 72.Bd4 b5 73.Kh4 Kg6 74.Kg4 Kxh7 75.Kf3 Re8 76.Be3 Nd6
77.Kf4 Kg6 78.Bb6 Re4+ 79.Kf3 Kf5 80.Bc5 Ne8 81.Be3 Nf6 82.Bc5 Nd5 0-1

[Event "Individual Zaragoza Primera 2015"]
[Site ""]
[Date "2015.10.25"]
[Round "4.10"]
[White "Santos Morales Julio César"]
[Black "Castera Montagud Rafael"]
[Result "1-0"]
[WhiteElo "1837"]
[BlackElo "1727"]

1.d4 Nc6 2.Bf4 d5 3.e3 Nf6 4.c4 g6 5.Nc3 a6 6.Bd3 Bg7 7.Nge2 O-O 8.a3 dxc4 9.
Bxc4 b5 10.Ba2 Bb7 11.O-O e6 12.Nc1 e5 13.dxe5 Qxd1 14.Rxd1 Nh5 15.Nd3 Rfe8
16.Nd5 Rac8 17.Nc5 Na5 18.Nxb7 Nxb7 19.g4 Nxf4 20.exf4 c6 21.Nc3 Nc5 22.b4 Ne6
23.Ne4 Nxf4 24.Nd6 Bxe5 25.Bxf7+ Kf8 26.Bxe8 Rd8 27.Nxb5 Rxe8 28.Nd4 Ne2+ 29.
Nxe2 Bxa1 30.Rxa1 Rxe2 31.Rc1 Ra2 32.Rc3 Ke7 33.Rxc6 Rxa3 34.Rc7+ Kf6 35.Rxh7
Kg5 36.Rg7 Rb3 37.h4+ Kxg4 38.Rxg6+ Kxh4 39.Rb6 Kg5 40.Kg2 Kf5 41.Rh6 Kg5 42.
Rb6 Kf4 43.Rf6+ Kg5 44.Rxa6 Rxb4 45.Kg3 Rg4+ 46.Kf3 Rf4+ 47.Ke3 Rb4 48.Ra5+
Kf6 49.Ra3 Kf5 50.f3 Kf6 51.Rc3 Kf5 52.Rc5+ Kf6 53.Kf2 Ra4 54.Kg3 Rd4 55.Rc8
Kf5 56.Rf8+ Kg5 57.f4+ Kg6 58.Kg4 Kg7 59.Ra8 Kg6 60.Ra6+ Kf7 61.Kg5 Rd5+ 62.f5
Rd1 63.Ra7+ Kf8 64.Rh7 Kg8 65.Re7 Kf8 66.Kf6 Rd5 67.Re6 Rb5 68.Rc6 Ke8 69.Rc8+
Kd7 70.Rf8 Rb6+ 71.Kg7 Rb1 72.Rf6 Rf1 73.Kf8 Rf2 74.Kf7 Rf1 75.Kg6 Rg1+ 76.Kf7
Rf1 77.Kg6 Rg1+ 78.Kh5 Ke7 79.Rg6 Rh1+ 80.Kg5 Rg1+ 81.Kh6 Rh1+ 82.Kg7 Rf1 83.
f6+ Ke8 84.Rg4 Rf3 85.Rg5 Rf1 86.Re5+ Kd7 87.f7 Rg1+ 88.Kf8 Rg6 89.Re7+ Kd6
90.Ke8 1-0

[Event "Individual Zaragoza Primera 2015"]
[Site ""]
[Date "2015.10.25"]
[Round "4.11"]
[White "Aviol Pérez José Mariano"]
[Black "Manguez Cambra José Luis"]
[Result "1-0"]
[WhiteElo "1820"]
[BlackElo "1712"]

1.d4 Nf6 2.Nf3 e6 3.c4 Bb4+ 4.Bd2 Bxd2+ 5.Qxd2 b6 6.g3 Bb7 7.Bg2 d6 8.Nc3 Nbd7
9.O-O O-O 10.d5 exd5 11.cxd5 Nc5 12.Nd4 Re8 13.Nf5 Nfe4 14.Qc2 Nxc3 15.Qxc3
Qg5 16.Ne3 Qe5 17.Rac1 Rac8 18.Bh3 Rcd8 19.b4 Na6 20.Rfd1 Qxc3 21.Rxc3 Re4 22.
a3 Rde8 23.Bf5 R4e7 24.Bd3 g6 25.Rdc1 Rc8 26.Nc2 Nb8 27.e4 c5 28.Nd4 Rd8 29.
Nb3 Ba6 30.Nd2 Bxd3 31.Rxd3 Na6 32.Rb3 Rc7 33.b5 Nb8 34.a4 Re7 35.a5 Nd7 36.f4
Nf6 37.Rc4 Rde8 38.axb6 axb6 39.Ra3 Nxe4 40.Nxe4 Rxe4 41.Rxe4 Rxe4 42.Ra6 Rd4
43.Rxb6 Rxd5 44.Rb8+ Kg7 45.b6 c4 46.Kf2 c3 47.Ke3 c2 48.Rc8 Rb5 49.Rxc2 Rxb6
50.Kd4 Kf6 51.g4 Rb4+ 52.Ke3 Rb7 53.h4 Rd7 54.Ke4 Ke6 55.f5+ gxf5+ 56.gxf5+
Kf6 57.Rc6 Ke7 58.h5 h6 59.Kf4 Kf6 60.Rb6 Ke7 61.Ke4 d5+ 62.Kd4 Rd6 63.Rb1 Kf6
64.Rf1 Kg5 65.Ke5 Rd8 66.Rg1+ Kxh5 67.Kf6 1-0

[Event "Individual Zaragoza Primera 2015"]
[Site ""]
[Date "2015.10.25"]
[Round "4.12"]
[White "Obon Zuñiga Francisco"]
[Black "Balabán Adrián"]
[Result "1-0"]
[WhiteElo "1807"]
[BlackElo "1690"]

1.d4 d5 2.c4 c6 3.Nf3 Nf6 4.Nc3 Bf5 5.cxd5 Nxd5 6.Qb3 Nb6 7.e4 Be6 8.Qc2 N8d7
9.b3 f6 10.Bd3 Bf7 11.O-O e5 12.dxe5 Nxe5 13.Nxe5 fxe5 14.Bb2 Bc5 15.Rad1 Qe7
16.Ne2 O-O 17.Ng3 g6 18.Kh1 Rad8 19.a4 Bd4 20.a5 Nc8 21.a6 Bxb2 22.Qxb2 b6 23.
Rd2 Qb4 24.Rfd1 Rfe8 25.Nf1 Qxb3 26.Qxb3 Bxb3 27.Bc4+ Bxc4 28.Rxd8 Kf8 29.Ne3
Bxa6 30.f3 Rxd8 31.Rxd8+ Ke7 32.Rh8 b5 33.Rxh7+ Kd6 34.Rh6 Ne7 35.Nf5+ Nxf5
36.exf5 b4 37.fxg6 Ke7 38.g7 Kf7 39.Rxc6 1-0

[Event "Individual Zaragoza Primera 2015"]
[Site ""]
[Date "2015.10.25"]
[Round "4.13"]
[White "Garcia Lasheras Miguel Angel"]
[Black "Enguita Ibarra Hugo"]
[Result "1/2-1/2"]
[WhiteElo "1774"]
[BlackElo "1506"]

1.d4 g6 2.Nf3 Bg7 3.e4 d6 4.c4 Nf6 5.Nc3 Nbd7 6.Bf4 O-O 7.Be2 b6 8.O-O Bb7 9.
Qc2 Re8 10.Be3 e5 11.dxe5 Nxe5 12.Nxe5 Rxe5 13.Bf3 Nd7 14.Bf4 Re8 15.Rfe1 Ne5
16.Be2 Nc6 17.f3 Nd4 18.Qd2 Qf6 19.Nd5 Bxd5 20.cxd5 Nxe2+ 21.Rxe2 Qd4+ 22.Qxd4
Bxd4+ 23.Kf1 Re7 24.Rd1 Be5 25.Bxe5 Rxe5 26.Rc2 Rc8 27.Rdc1 Re7 28.Rc6 Rd7 29.
Ke2 f5 30.Ke3 fxe4 31.fxe4 Kg7 32.Kd4 Kf7 33.Rf1+ Kg7 34.Rf3 Re8 35.Rfc3 Ree7
36.Rf3 Rf7 37.Rcc3 Rde7 38.b4 h5 39.Ra3 Rxf3 40.gxf3 g5 41.Ke3 Kg6 42.Rxa7 h4
43.h3 Kf6 44.Ra3 Re8 45.Rc3 Ra8 46.a3 Ke7 1/2-1/2

[Event "Individual Zaragoza Primera 2015"]
[Site ""]
[Date "2015.10.25"]
[Round "4.14"]
[White "Monge Arrufat José Miguel"]
[Black "Garcia Mendez Beatriz"]
[Result "1/2-1/2"]
[WhiteElo "1661"]
[BlackElo "1766"]

1.d4 d5 2.c4 Nf6 3.e3 Bf5 4.cxd5 Nxd5 5.Qf3 Bg6 6.Bc4 e6 7.Nc3 c6 8.a3 Be7 9.
Nge2 Nd7 10.O-O N7b6 11.Ba2 O-O 12.e4 Nf6 13.Be3 Bh5 14.Qf4 Bxe2 15.Nxe2 Rc8
16.b4 Qc7 17.f3 Nbd7 18.e5 Nd5 19.Bxd5 cxd5 20.Rac1 Qb8 21.Qg4 Rxc1 22.Bxc1
Rc8 23.Bh6 g6 24.Nf4 Bf8 25.Bxf8 Nxf8 26.Nh5 Rc4 27.Nf6+ Kg7 28.Qf4 Qc8 29.Ng4
Nd7 30.h4 h5 31.Ne3 Rc3 32.Kh2 Qh8 33.Kh3 Qh6 34.Qxh6+ Kxh6 35.Re1 Rxa3 36.Nc2
Rc3 37.Re2 Nb6 38.Kg3 g5 39.hxg5+ Kxg5 40.Kf2 Nc4 41.Ne1 Rb3 42.Nc2 a5 43.bxa5
Nxa5 44.g3 Nc4 45.Ne1 f5 46.exf6 Kxf6 47.g4 hxg4 48.fxg4 Rb2 49.Rxb2 Nxb2 50.
Nf3 Nc4 51.Ke2 e5 52.g5+ Ke6 53.dxe5 Nxe5 54.Nd4+ Kf7 55.Nf5 Kg6 56.Ne7+ Kxg5
57.Nxd5 1/2-1/2

[Event "Individual Zaragoza Primera 2015"]
[Site ""]
[Date "2015.10.25"]
[Round "4.15"]
[White "Miranda Herrera Miguel"]
[Black "Garcia Garcia Enrique"]
[Result "1-0"]
[WhiteElo "1318"]
[BlackElo "1750"]

1.d3 c5 2.Nf3 g6 3.g3 Bg7 4.Bg2 Nc6 5.Nbd2 e6 6.Rb1 d5 7.a3 a5 8.O-O Nge7 9.
Nb3 Qb6 10.e4 O-O 11.c3 a4 12.Nbd2 Bd7 13.c4 d4 14.b4 cxb4 15.axb4 Nxb4 16.Ba3
Nec6 17.Rb2 Rfb8 18.e5 Bf8 19.Ne4 Qc7 20.Qd2 Kg7 21.Bxb4 Bxb4 22.Rxb4 Nxb4 23.
Qxb4 Bc6 24.Nxd4 Bxe4 25.Bxe4 Qxe5 26.Nb5 g5 27.Qc3 Qxc3 28.Nxc3 a3 29.Ra1 Ra5
30.Nb5 a2 31.Nc3 Ra3 32.Nb5 Ra5 33.Kf1 f5 34.Bf3 Rd8 35.Ke2 b6 36.Kd2 e5 37.
Kc3 Kf6 38.Bd1 e4 39.d4 f4 40.gxf4 gxf4 41.Bb3 Rg8 42.c5 Rg7 43.Kb4 Rg5 44.d5
Ra6 45.c6 Rg8 46.d6 Rc8 47.d7 1-0

[Event "Individual Zaragoza Primera 2015"]
[Site ""]
[Date "2015.10.25"]
[Round "4.16"]
[White "Fernández Sierra Pedro José"]
[Black "Abad Viñas Jesús Manuel"]
[Result "1-0"]
[WhiteElo "1653"]
[BlackElo "1810"]

1.e4 c5 2.Nf3 g6 3.d4 cxd4 4.Nxd4 Bg7 5.Nc3 Nc6 6.Be3 Nf6 7.f3 d5 8.Bb5 Bd7 9.
Bxc6 bxc6 10.e5 Ng8 11.Bf4 e6 12.Bg3 c5 13.Nb3 Qc7 14.Nxd5 exd5 15.e6 Qc6 16.
exd7+ Qxd7 17.Qe2+ Kf8 18.O-O Rc8 19.Bf2 d4 20.Qc4 Qe6 21.Qa4 Qb6 22.Rfe1 Ne7
23.Qd7 Re8 24.Bh4 Bf6 25.Bxf6 Qxf6 26.Nxc5 Kg7 27.Nb3 d3 28.cxd3 Qb6+ 29.Kf1
Qf6 30.Re2 Qh4 31.Qd4+ Qxd4 32.Nxd4 Nd5 33.Rxe8 Rxe8 34.Re1 Rd8 35.Nc2 Nf4 36.
d4 Nd3 37.Re7 Rc8 38.Ne3 Nxb2 39.Rxa7 Nd3 40.a4 Re8 41.Ke2 Nf4+ 42.Kd2 Rd8 43.
Kc3 Ne2+ 44.Kc4 Rxd4+ 45.Kc5 Rh4 46.Re7 Nc3 47.a5 Na4+ 48.Kb5 Nc3+ 49.Kb6 Kf6
50.Rc7 Rb4+ 51.Ka6 Rb3 52.Rxc3 Rb2 53.Rc2 Rb3 54.Nd5+ Ke5 55.Nc7 Rd3 56.Nb5
Rd7 57.Kb6 f5 58.a6 Rd8 59.Kc7 Rg8 60.a7 Rg7+ 61.Kb6 Rg8 62.Nc7 1-0

[Event "Individual Zaragoza Primera 2015"]
[Site ""]
[Date "2015.10.25"]
[Round "4.17"]
[White "Garcia Artal Obdulio"]
[Black "Moreno Martin-Viveros Alvaro"]
[Result "1/2-1/2"]
[WhiteElo "1643"]
[BlackElo "1806"]

1.d4 d5 2.c4 e5 3.dxe5 d4 4.g3 Nc6 5.Nf3 Nge7 6.Bg2 Ng6 7.O-O Ngxe5 8.Nbd2 Bc5
9.Ne4 Be7 10.Nxe5 Nxe5 11.b3 Bg4 12.h3 Bf5 13.Bf4 Ng6 14.Qc1 h5 15.Ng5 Qc8 16.
Nf3 Bf6 17.Bg5 Bxh3 18.Bxf6 Bxg2 19.Kxg2 gxf6 20.Nxd4 h4 21.Qe3+ Ne7 22.Rh1
h3+ 23.Kh2 c5 24.Nf3 Qc6 25.Rad1 Rc8 26.Qf4 Ng6 27.Qd6 Ne5 28.Qxc6+ Rxc6 29.
Nxe5 fxe5 30.Rd5 Rh5 31.Rhd1 Rc7 32.f4 f6 33.g4 Rhh7 34.fxe5 fxe5 35.Rxe5+ Kf7
36.Rh5 Rxh5 37.gxh5 b6 38.Kxh3 Re7 39.Rd2 Kf6 40.Kg3 Re3+ 41.Kf2 Rh3 42.Rd7
Rxh5 43.Rxa7 Rf5+ 44.Ke1 Re5 45.Rb7 Re6 46.a3 Ke5 47.Rd7 Rh6 48.Kd2 Rh3 49.Rd3
Rh1 50.Kc2 Re1 51.Rd2 Ke6 52.b4 cxb4 53.axb4 Rh1 54.Kb3 Rh4 55.Ka4 Rxc4 56.Kb5
Re4 57.Kxb6 Rxb4+ 58.Kc5 Re4 59.Rc2 Ke5 60.Rd2 Kf4 61.Kd5 Re8 62.Rd4+ Kf5 63.
Ra4 1/2-1/2

[Event "Individual Zaragoza Primera 2015"]
[Site ""]
[Date "2015.10.25"]
[Round "4.18"]
[White "Ruiz Gutierrez José Manuel"]
[Black "Lorente Aguar Ruben"]
[Result "0-1"]
[WhiteElo "1795"]
[BlackElo "1668"]

1.c4 e5 2.Nc3 Nf6 3.Nf3 Nc6 4.g3 d5 5.cxd5 Nxd5 6.Bg2 Be6 7.O-O Be7 8.a3 O-O
9.Qc2 Nxc3 10.bxc3 Bf6 11.Rb1 Rb8 12.Rd1 Qe7 13.d4 exd4 14.cxd4 Rfd8 15.Bb2
Na5 16.Bc3 Qxa3 17.Ra1 Qb3 18.Qxb3 Nxb3 19.Rxa7 c5 20.e3 Rd7 21.h4 Rbd8 22.Ng5
cxd4 23.exd4 Nxd4 24.Kh1 Nb5 25.Rxd7 Bxd7 26.Bxf6 gxf6 27.Nxf7 Kxf7 28.Rxb7
Nc3 29.Rc7 Ne2 30.Kh2 Kg8 31.Be4 h6 32.Rc2 Nd4 33.Rc5 Bg4 34.Kg2 Kf8 35.f3
Nxf3 36.Kf2 Ne5 37.Ke3 Re8 38.Kf4 h5 39.Rb5 Nc4 40.Rd5 Re5 41.Rd4 Nb6 42.Rd6
Nd7 43.Ra6 Ke7 44.Ra7 Kd6 45.Bh7 Nc5 46.Ra8 Ne6# 0-1

[Event "Individual Zaragoza Primera 2015"]
[Site ""]
[Date "2015.10.25"]
[Round "4.19"]
[White "Arias Alvarez Alberto"]
[Black "Reguera Campillo Moises"]
[Result "1-0"]
[WhiteElo "1785"]
[BlackElo "1593"]

1.e4 c5 2.Nf3 Nc6 3.d4 cxd4 4.Nxd4 e6 5.Nf3 Qc7 6.Bd3 Nf6 7.Nc3 a6 8.O-O Be7
9.Re1 d6 10.h3 O-O 11.Be3 b5 12.a4 b4 13.Ne2 e5 14.b3 Be6 15.Ng3 d5 16.Ng5 d4
17.Nxe6 fxe6 18.Bg5 a5 19.Bc4 Qd6 20.Nf5 Qd7 21.Nxe7+ Nxe7 22.h4 h6 23.Bxf6
Rxf6 24.Qg4 Raf8 25.h5 Nc8 26.f3 Nd6 27.Bd3 Rf4 28.Qg3 Nf7 29.Kf2 Ng5 30.Ke2
Qf7 31.Rh1 Nxf3 32.gxf3 Rxf3 33.Qxe5 Re3+ 34.Kd2 Qf2+ 35.Kc1 Re1+ 36.Rxe1
Qxe1+ 37.Kb2 Qc3+ 38.Ka2 Rf2 39.Qxe6+ Kh7 40.Qg6+ Kg8 41.e5 Qc5 42.e6 Kf8 43.
Re1 Qe7 44.Qg3 Qf6 45.e7+ 1-0

[Event "Individual Zaragoza Primera 2015"]
[Site ""]
[Date "2015.10.25"]
[Round "4.20"]
[White "Teresa Moya Alejandro"]
[Black "Arteaga Jimenez Francisco"]
[Result "1/2-1/2"]
[WhiteElo "1751"]
[BlackElo "1622"]

1.Nc3 d5 2.e4 d4 3.Nce2 e5 4.d3 c5 5.f4 Nc6 6.Nf3 Bd6 7.g3 Nf6 8.Bg2 h6 9.O-O
O-O 10.f5 b5 11.h3 Kh7 12.g4 g5 13.fxg6+ fxg6 14.Ng3 Ng8 15.Bd2 Qe8 16.Qe2 Be6
17.b3 a5 18.a4 b4 19.Rf2 Ra7 20.Raf1 Raf7 21.g5 h5 22.Nh4 Rxf2 23.Rxf2 Rxf2
24.Qxf2 Qf8 25.Qe2 Bf7 26.Bf3 Qe8 27.Kh1 Nge7 1/2-1/2

[Event "Individual Zaragoza Primera 2015"]
[Site ""]
[Date "2015.10.25"]
[Round "4.21"]
[White "Lorente Latorre Antonio"]
[Black "Pellicer Sancho Rafael José"]
[Result "1-0"]
[WhiteElo "1632"]
[BlackElo "1739"]

1.e4 d5 2.exd5 Qxd5 3.Nc3 Qa5 4.d4 c6 5.Qd2 Nf6 6.Nf3 h6 7.Bd3 Bf5 8.Ne5 Bxd3
9.Nxd3 Nbd7 10.Ne2 Qb6 11.a4 e6 12.a5 Qb5 13.Nc3 Qf5 14.Qf4 Qxf4 15.Bxf4 g5
16.Bg3 Nd5 17.Ne2 f5 18.Be5 Nxe5 19.Nxe5 Bd6 20.c3 c5 21.Nc4 Be7 22.a6 b5 23.
Ne5 Bd6 24.Nc6 c4 25.Ra5 Nc7 26.O-O Kd7 27.Ne5+ Bxe5 28.dxe5 Rab8 29.Rd1+ Nd5
30.Nd4 b4 31.Nxe6 Kxe6 32.Raxd5 bxc3 33.bxc3 Rb6 34.Rd6+ Rxd6 35.Rxd6+ Ke7 36.
Rc6 Rb8 37.Kf1 Rb3 38.Rxc4 Ra3 39.Rc7+ Ke6 40.Rxa7 Kxe5 41.Ra8 Kd6 42.a7 Kc7
43.Rh8 Rxa7 44.Rh7+ Kb6 45.Rxa7 Kxa7 46.Ke2 Kb6 47.Kd3 Kc5 48.f3 h5 49.g3 Kd5
50.h3 Kc5 51.f4 g4 52.h4 Kd5 53.c4+ Kc5 54.Kc3 Kc6 55.Kd4 1-0

[Event "Individual Zaragoza Primera 2015"]
[Site ""]
[Date "2015.10.25"]
[Round "4.22"]
[White "Vallejo Blasco Marta"]
[Black "Navarro Sancho Rafael"]
[Result "0-1"]
[WhiteElo "1471"]
[BlackElo "1732"]

1.b3 e5 2.Bb2 d6 3.e3 Ne7 4.Nc3 Nbc6 5.Bb5 Bd7 6.Nge2 a6 7.Bc4 b5 8.Bd5 b4 9.
Bxc6 Bxc6 10.Nb1 Bxg2 11.Rg1 Bb7 12.d3 Ng6 13.e4 Qf6 14.Nd2 Be7 15.Ng3 Qf4 16.
Nf3 Nh4 17.Nxh4 Qxh4 18.Qh5 g6 19.Qxh4 Bxh4 20.Bc1 O-O-O 21.Bd2 c5 22.a3 bxa3
23.Rxa3 Rhf8 24.Bh6 Rg8 25.Bd2 f5 26.exf5 gxf5 27.Kf1 f4 28.Ne4 Rxg1+ 29.Kxg1
Bxe4 30.dxe4 Kb7 31.b4 Rd7 32.Rd3 Kc6 33.Rh3 Bd8 34.Rb3 Bb6 35.Kf1 d5 36.exd5+
Rxd5 37.Ke2 cxb4 38.Bxb4 a5 39.Bc3 Bc5 40.Bb2 a4 41.Rh3 Kb5 42.Rxh7 a3 43.Ba1
Bd4 44.Rb7+ Kc6 45.Rb1 a2 46.Rh1 Rb5 47.c3 Bc5 48.h4 Rb1 49.Re1 Kd5 50.h5 Bf8
51.Kd2 Bg7 52.f3 Kc4 53.Rd1 Kb3 54.c4 Kxc4 55.h6 Bh8 56.Kc2 Rxd1 57.Kxd1 Kd3
58.Ke1 Ke3 59.Kf1 Kxf3 60.Bb2 Ke3 61.Ba1 Kd3 62.Kf2 Kc2 0-1

[Event "Individual Zaragoza Primera 2015"]
[Site ""]
[Date "2015.10.25"]
[Round "4.24"]
[White "Lozano Velez De Mendizábal Francisco"]
[Black "Peña Gil José Alejandro"]
[Result "0-1"]
[WhiteElo "1694"]
[BlackElo "1573"]

1.d4 Nf6 2.Nf3 e6 3.e3 d5 4.Bd3 Nbd7 5.Nbd2 c5 6.b3 b6 7.Bb2 Bb7 8.O-O Be7 9.
Qe2 O-O 10.Ne5 Qc7 11.f4 cxd4 12.exd4 a5 13.f5 Bd6 14.Rac1 Qc8 15.Nxf7 Rxf7
16.fxe6 Re7 17.exd7 Bxh2+ 18.Kh1 Qxd7 19.Qf3 Bc7 20.Ba3 Rf7 21.Bf5 Qc6 22.Rfe1
Bc8 23.Qh3 Bxf5 24.Qxf5 Ne4 25.Qxf7+ Kxf7 26.Rf1+ Kg8 27.Nxe4 dxe4 0-1

[Event "Individual Zaragoza Primera 2015"]
[Site ""]
[Date "2015.10.25"]
[Round "4.25"]
[White "Salas Calvo Alberto"]
[Black "Pintanel Torres Manuel"]
[Result "1-0"]
[WhiteElo "1670"]
[BlackElo "1551"]

1.d4 d5 2.c4 e6 3.Nc3 Nf6 4.Nf3 Nc6 5.Bf4 a6 6.c5 Bd7 7.e3 b6 8.cxb6 cxb6 9.a3
b5 10.Bd3 Be7 11.O-O Nh5 12.Be5 Nxe5 13.dxe5 g6 14.Nd4 O-O 15.e4 Bc5 16.Nb3
Ba7 17.exd5 exd5 18.Nxd5 Bc6 19.Be4 Rc8 20.Rc1 Qe8 21.Qxh5 Bxd5 22.Qf3 Bxe4
23.Qxe4 Qe6 24.Nd4 Bxd4 25.Qxd4 Rfd8 26.Qe3 Rxc1 27.Rxc1 Qf5 28.Qc3 Rd5 29.Re1
Rd3 30.Qc2 Qd7 31.g3 Qd4 32.e6 Rd2 33.exf7+ Kxf7 34.Qc7+ Kf6 35.Qe7+ Kf5 36.
Qe6+ Kg5 37.Re5+ Kh6 38.Qf6 Rxf2 39.Rh5+ Kxh5 40.Qxd4 Rf7 1-0

[Event "Individual Zaragoza Primera 2015"]
[Site ""]
[Date "2015.10.25"]
[Round "4.26"]
[White "Carrasquer Alonso Luis"]
[Black "Marin Fuertes Angel Maria"]
[Result "1-0"]
[WhiteElo "1647"]
[BlackElo "1871"]

1.e4 c5 2.Nf3 e6 3.d4 cxd4 4.Nxd4 a6 5.Nd2 Qc7 6.N2f3 Nc6 7.Nxc6 bxc6 8.e5 Ne7
9.b3 Nd5 10.c4 Bb4+ 11.Bd2 Bxd2+ 12.Qxd2 Ne7 13.Bd3 O-O 14.O-O c5 15.Be4 Nc6
16.Bxh7+ Kh8 17.Rfe1 f5 18.Qg5 Nxe5 19.Rxe5 Rf6 20.Qh5 Rh6 21.Qe8+ 1-0

[Event "Individual Zaragoza Primera 2015"]
[Site ""]
[Date "2015.10.25"]
[Round "4.27"]
[White "Arbiol Val Sergio"]
[Black "Nuñez Gonzalez Victor Antonio"]
[Result "1/2-1/2"]
[WhiteElo "1638"]
[BlackElo "1824"]

1.e4 c5 2.Nf3 Nc6 3.d4 cxd4 4.Nxd4 Nf6 5.Nc3 d6 6.Bc4 e5 7.Nf3 Be7 8.h3 h6 9.
O-O O-O 10.Be3 Be6 11.Bb3 a6 12.Nh2 Na5 13.Qf3 Nxb3 14.axb3 Qc7 15.Ng4 Nxg4
16.hxg4 Qd7 17.Nd5 Bd8 18.Qg3 Bxd5 19.exd5 f5 20.f4 exf4 21.Rxf4 Bg5 22.Rxf5
Bxe3+ 23.Qxe3 Rxf5 24.gxf5 Qxf5 25.Qe6+ Qxe6 26.dxe6 Re8 27.Re1 g6 28.Re3 Kg7
29.Rc3 Kf6 30.Rc7 Re7 31.Rc8 Kxe6 32.Rh8 h5 33.Rg8 Kf5 34.Rd8 Re6 35.Rd7 b5
36.Kf2 g5 37.Ra7 d5 38.Rd7 Ke4 39.Rg7 Rc6 40.c3 g4 41.Rh7 Kd3 42.Rxh5 Rd6 43.
Rg5 Kc2 44.c4 bxc4 45.bxc4 dxc4 46.Rxg4 Rc6 47.Rg8 Kxb2 48.Rb8+ Ka2 49.Ke2 c3
50.Kd1 c2+ 51.Kc1 Rg6 52.Kxc2 Rxg2+ 53.Kc3 a5 54.Rb5 a4 55.Ra5 a3 56.Rb5 Rb2
57.Rg5 Rf2 58.Rg1 Rf3+ 59.Kc2 Rf6 60.Rg4 Rc6+ 61.Kd3 Kb1 62.Rb4+ Ka2 63.Kd2
Ka1 64.Rb3 Ka2 65.Rb4 Rc5 66.Rb6 Rd5+ 67.Kc2 Rc5+ 68.Kd2 Rh5 69.Rb7 Rh1 70.Kc2
Rh2+ 71.Kc1 Rb2 72.Ra7 Rb4 73.Kc2 Rb6 74.Rc7 Rb2+ 75.Kc1 Kb3 76.Rb7+ Kc3 77.
Rxb2 axb2+ 78.Kb1 1/2-1/2

[Event "Individual Zaragoza Primera 2015"]
[Site ""]
[Date "2015.10.25"]
[Round "4.28"]
[White "Carrasquer Muñoz Alberto"]
[Black "Vallejo Blasco Arturo"]
[Result "1-0"]
[WhiteElo "1799"]
[BlackElo "1662"]

1.e4 e5 2.Bc4 Nf6 3.Nf3 Nc6 4.Ng5 d5 5.exd5 Nxd5 6.Nxf7 Kxf7 7.Qf3+ Ke6 8.Nc3
Nb4 9.Qe4 c6 10.a3 Na6 11.d4 Qf6 12.Nxd5 cxd5 13.Qxd5+ Ke7 14.dxe5 Qg6 15.Bf4
Qe6 16.Bg5+ Kf7 17.Qf3+ Kg6 18.Bxe6 Kxg5 19.h4+ Kg6 20.Qf5+ Kh6 21.Qg5# 1-0

[Event "Individual Zaragoza Primera 2015"]
[Site ""]
[Date "2015.10.25"]
[Round "4.29"]
[White "Argueso Palomino Manuel"]
[Black "Liarte Marinoso Aaron"]
[Result "1-0"]
[WhiteElo "1709"]
[BlackElo "1656"]

1.d4 d5 2.Nf3 b6 3.Bf4 c5 4.e3 Nc6 5.c3 Nf6 6.Bb5 Bb7 7.Ne5 Rc8 8.Qa4 a6 9.
Bxc6+ Bxc6 10.Nxc6 Qd7 11.Qxa6 Qxc6 12.O-O c4 13.Na3 e5 14.Bxe5 Nd7 15.Qb5
Nxe5 16.dxe5 Qxb5 17.Nxb5 Be7 18.Rfd1 Rc5 19.Rxd5 O-O 20.Rxc5 Bxc5 21.Nd6 Bxd6
22.exd6 f6 23.Rd1 Kf7 24.f4 Ke6 25.e4 Kd7 26.Rd5 Re8 27.Rd4 b5 28.Kf2 g5 29.
Kf3 h5 30.f5 Rg8 31.Rd5 Rb8 32.Ke3 b4 33.Kd4 bxc3 34.Kxc3 Ra8 35.a3 Rb8 36.Rd4
Rb3+ 37.Kc2 Re3 38.a4 Re2+ 39.Rd2 Rxe4 40.Kc3 Rf4 41.Rd4 Rxf5 42.Rd2 Rf4 43.g3
Re4 44.Rf2 Re6 45.Kxc4 Rxd6 46.Kb5 Rd5+ 47.Kc4 Rd6 48.a5 Kc6 49.b4 Kb7 50.Kc5
Re6 51.Rd2 Re5+ 52.Kc4 Kc6 53.Rf2 f5 54.a6 Kb6 55.Ra2 Ka7 56.Kd4 Re4+ 57.Kc5
Re5+ 58.Kc6 Re6+ 59.Kd5 Rf6 60.b5 f4 61.gxf4 Rxf4 62.Kd6 Rf6+ 63.Kc5 Rf5+ 64.
Kc4 Rf4+ 65.Kc3 Rf3+ 66.Kb4 Rf4+ 67.Ka5 Rf5 68.Rc2 g4 69.Rc7+ Kb8 70.Rb7+ Ka8
71.Rh7 Kb8 72.a7+ Ka8 73.Ka6 1-0

[Event "Individual Zaragoza Primera 2015"]
[Site ""]
[Date "2015.10.25"]
[Round "4.30"]
[White "Miranda Herrera Jorge Manuel"]
[Black "Gimeno Royo José Andrés"]
[Result "1/2-1/2"]
[WhiteElo "1574"]
[BlackElo "1694"]

1.e4 b6 2.d4 Bb7 3.Nc3 Nf6 4.e5 Nd5 5.Nxd5 Bxd5 6.c4 Bb7 7.Nf3 e6 8.Bd2 d5 9.
Rc1 dxc4 10.Qa4+ Qd7 11.Qxd7+ Nxd7 12.Bxc4 c5 13.dxc5 Bxc5 14.Bb5 Rd8 15.b4
Be7 16.Rc7 a6 17.Rxb7 axb5 18.O-O Nxe5 19.Nxe5 Rxd2 20.Rc1 Bd8 21.f3 O-O 22.
Nc6 Rxa2 23.Nxd8 Rxd8 24.Rxb6 g6 25.Rxb5 Rdd2 26.g4 Rg2+ 27.Kh1 Rxh2+ 28.Kg1
Rhg2+ 29.Kh1 Rg3 30.Rb8+ Kg7 31.b5 Rxf3 32.Rb1 Rff2 33.b6 Rab2 34.Kg1 Rg2+ 35.
Kf1 Rg1+ 36.Kxg1 Rxb1+ 37.Kf2 Rb3 38.b7 Kf6 39.Ke2 Kg5 40.Kd2 Kxg4 41.Kc2 Rb6
42.Kd3 h5 43.Kc4 h4 44.Kc5 Rb2 45.Kc6 h3 46.Rh8 Kg3 47.b8=Q+ Rxb8 48.Rxb8 h2
49.Rb3+ Kg4 50.Rb4+ Kg5 51.Rb1 Kh4 52.Kd6 g5 53.Ke5 f5 54.Kxe6 f4 55.Kf5 f3
56.Ke4 g4 57.Kf4 Kh3 58.Ke3 Kg3 59.Rc1 f2 60.Rf1 Kg2 61.Rxf2+ Kg1 62.Ra2
1/2-1/2

[Event "Individual Zaragoza Primera 2015"]
[Site ""]
[Date "2015.10.25"]
[Round "4.31"]
[White "Sanchez Diaz Vicente"]
[Black "Miranda Blasco Fernando"]
[Result "0-1"]
[WhiteElo "1683"]
[BlackElo "1644"]

1.c4 c6 2.d4 d5 3.b3 Nf6 4.Nf3 e6 5.Bf4 Bb4+ 6.Nbd2 c5 7.a3 Ba5 8.e3 cxd4 9.
Nxd4 Bc3 10.Rb1 Ne4 11.Nf3 Bxd2+ 12.Nxd2 Nc3 13.Qc2 Nxb1 14.Qxb1 Nc6 15.Bd3
dxc4 16.Nxc4 e5 17.Nxe5 Nxe5 18.Bxe5 Qa5+ 19.b4 Qxe5 20.O-O h6 21.Rd1 O-O 22.
Bc2 Be6 23.Rd4 Rad8 24.Rh4 Qf6 25.Rh5 Rd7 26.f4 Qc3 27.Qe1 Qxc2 0-1

[Event "Individual Zaragoza Primera 2015"]
[Site ""]
[Date "2015.10.25"]
[Round "4.32"]
[White "De Pablo Raga Tomás"]
[Black "Budria Gimenez Daniel"]
[Result "0-1"]
[WhiteElo "1567"]
[BlackElo "1681"]

1.c4 Nf6 2.Nc3 d6 3.g3 g6 4.Bg2 Bg7 5.Nf3 O-O 6.O-O c6 7.d4 Bf5 8.Bg5 h6 9.
Bxf6 Bxf6 10.e4 Bg4 11.h3 Be6 12.Qb3 Qc8 13.Kh2 Na6 14.Rac1 Rb8 15.d5 Bd7 16.
Qc2 Nc5 17.Nd2 e6 18.Rfe1 exd5 19.cxd5 Bg7 20.Nb3 Na6 21.a3 Nc7 22.Qd1 f5 23.
dxc6 Bxc6 24.Nd5 Qd7 25.Nxc7 Qxc7 26.f3 Bxb2 27.Rc2 Bxa3 28.Nd4 Qd7 29.Qd3 Bc5
30.Nb3 Ba4 31.Qc4+ Kh7 32.Qxa4 Qxa4 33.Rb1 Rbc8 34.Rcb2 b6 35.Ra1 Qd7 36.Rba2
Ra8 37.Ra6 fxe4 38.fxe4 Rf2 39.g4 Qf7 40.Kg3 Qxb3+ 0-1

[Event "Individual Zaragoza Primera 2015"]
[Site ""]
[Date "2015.10.25"]
[Round "4.33"]
[White "Lanaspa Ballesteros Federico"]
[Black "Ibañez Lasheras Ramón"]
[Result "0-1"]
[WhiteElo "1476"]
[BlackElo "1680"]

1.e4 e6 2.d4 d5 3.Nc3 Bb4 4.e5 c5 5.a3 Bxc3+ 6.bxc3 Nc6 7.Nf3 c4 8.a4 Qa5 9.
Bd2 Nge7 10.Be2 O-O 11.O-O f6 12.exf6 Rxf6 13.Bg5 Rf8 14.Qd2 Ng6 15.Rfb1 a6
16.Be3 Nce7 17.Ne5 Nxe5 18.dxe5 Qc7 19.Bf4 Ng6 20.Bg3 Bd7 21.h4 Ne7 22.h5 h6
23.Qd4 b5 24.a5 Nf5 25.Qg4 Nxg3 26.Qxg3 Rf5 27.Bg4 Rxe5 28.Kh2 Rc8 29.Re1 Rxe1
30.Rxe1 Qxg3+ 31.Kxg3 Kf7 32.Kf4 Ke7 33.Ke5 Rf8 34.f4 Be8 35.g3 Bd7 36.Kd4 Kd6
37.Re5 Rf6 38.Bh3 g6 39.Bg4 Be8 40.hxg6 Bxg6 41.Bh5 Bxc2 42.Bf3 Rf5 43.Bg4 Rf6
44.Bh3 Bf5 45.g4 Bxg4 46.Re3 Rxf4+ 0-1

[Event "Individual Zaragoza Primera 2015"]
[Site ""]
[Date "2015.10.25"]
[Round "4.34"]
[White "Garcia Estruch Mauricio"]
[Black "Molla Lorente Joaquín"]
[Result "1/2-1/2"]
[WhiteElo "1275"]
[BlackElo "1666"]

1.Nf3 d5 2.c4 c6 3.d4 e6 4.Nc3 f5 5.Bg5 Nf6 6.e3 Be7 7.Bxf6 Bxf6 8.cxd5 exd5
9.Bd3 O-O 10.O-O Be7 11.Ne2 Nd7 12.Qc2 g6 13.Nf4 Bd6 14.Ne6 Qe7 15.Nxf8 Qxf8
16.Rae1 Nf6 17.Re2 Qh6 18.h3 Be6 19.Qb3 Rb8 20.Rfe1 Ne4 21.Nd2 Kh8 22.Bxe4
fxe4 23.Nxe4 Bc7 24.Ng3 Qg7 25.Qb4 Bb6 26.Rd1 Rf8 27.Qd6 Qf7 28.Qe5+ Kg8 29.
Qf4 Qe7 30.Qh6 Qf6 31.Qf4 Qe7 32.Qh6 Qf6 1/2-1/2